| 000 | 00502nam a22001931a 4500 | ||
|---|---|---|---|
| 001 | 3603 | ||
| 003 | OSt | ||
| 005 | 20260204211856.0 | ||
| 008 | 041208s1965||||ag ||||||b||||||||||spa|| | ||
| 050 | _a510 T718m | ||
| 082 | _a510 T718m | ||
| 100 | _aTrejo, César A. | ||
| 245 | _aMatemática general: Elementos de álgebra, geometría y de trigonometría / César A. Trejo | ||
| 250 | _a2 | ||
| 264 | _aArgentina : Kapeluz | ||
| 300 | _a226 p | ||
| 650 | _a1.Matemática GeneralÌ | ||
| 942 |
_2ddc _cBK |
||
| 999 |
_c3603 _d3603 |
||